| 000 | 00903nam a2200253 i 4500 | ||
|---|---|---|---|
| 001 | 38479 | ||
| 003 | ES-MaACL | ||
| 005 | 20230906155750.0 | ||
| 007 | t| | ||
| 008 | 030225s1982 sp ||||1| spa d | ||
| 020 | _a84-359-0289-7 | ||
| 100 | 1 |
_aCabrales Arteaga, José M. _933256 |
|
| 245 | 1 | 0 |
_aLiteratura hispanoamericana hasta el siglo XIX / _cJosé M. Cabrales Arteaga. |
| 260 |
_a[Madrid] : _bPlayor, _c[1982] |
||
| 300 |
_a126 p. ; _c21 cm. |
||
| 490 | 1 |
_aLectura crítica de la literatura española ; _v25 |
|
| 500 | _aIndice. | ||
| 504 | _aBibliografía : p. 121-126. | ||
| 650 | 4 |
_aLiteratura hispanoamericana- _yHasta S.XVIII- _xHistoria y crítica. _9146678 |
|
| 650 | 0 | 4 |
_aLiteratura hispanoamericana- _yS.XIX- _xHistoria y crítica. _914609 |
| 830 | 0 |
_aLectura crítica de la literatura española ; _v25 _9181039 |
|
| 852 |
_aES-MaACL _jL-8258 _bR.108876 |
||
| 999 |
_c38479 _d38479 |
||